ARRUPE JESUIT UNIVERSITY

CORONAVIRUS -STOP THE SPREAD - CLEAN,DISINFECT,COVER

Exploring ethnic diversity in Africa (Record no. 119543)

MARC details
000 -LEADER
fixed length control field 00499nam a22001337a 4500
008 - FIXED-LENGTH DATA ELEMENTS--GENERAL INFORMATION
fixed length control field 140113b xxu||||| |||| 00| 0 eng d
050 ## - LIBRARY OF CONGRESS CALL NUMBER
Classification number GN495.6.M732 2013
100 ## - MAIN ENTRY--PERSONAL NAME
Personal name Momanyi, Oscar
9 (RLIN) 6582
245 ## - TITLE STATEMENT
Title Exploring ethnic diversity in Africa
Remainder of title a philosophical perspective - an African mosiac
Statement of responsibility, etc Oscar Momanyi
260 ## - PUBLICATION, DISTRIBUTION, ETC. (IMPRINT)
Place of publication, distribution, etc Saarbrucken
Name of publisher, distributor, etc LAP Lambert Academic Publishing
Date of publication, distribution, etc 2013
300 ## - PHYSICAL DESCRIPTION
Extent ix, 302p.;
Dimensions 23cm.
650 ## - SUBJECT ADDED ENTRY--TOPICAL TERM
Topical term or geographic name as entry element Ethnicity
General subdivision Political Anthropology
Geographic subdivision Africa
9 (RLIN) 6583
942 ## - ADDED ENTRY ELEMENTS (KOHA)
Source of classification or shelving scheme Library of Congress Classification
Item type Monograph ( Printed materials)
Koha issues (borrowed), all copies 4
Holdings
Withdrawn status Lost status Source of classification or shelving scheme Damaged status Not for loan Home library Current library Date acquired Total Checkouts Full call number Barcode Date last seen Date last borrowed Price effective from Koha item type
    Library of Congress Classification     ARRUPE LIBRARY ARRUPE LIBRARY 13/01/2014 11 GN495.6.M732 2013 464123635 09/04/2018 02/10/2017 13/01/2014 Monograph ( Printed materials)

 

Arrupe Library. PO Box MP320 Mt Pleasant, Harare, Zimbabwe
263 242 745411|librarian@aju.ac.zw